Enseñar historia con una guerra civil por medio
Guardado en:
| Autor Corporativo: | |
|---|---|
| Otros Autores: | |
| Formato: | Libro |
| Lenguaje: | español |
| Publicado: |
Barcelona :
Crítica,
1999
|
| Catálogo: | MANES: Resultados de Búsqueda del Catálogo |
| Clasificación de libros de texto: |
|
| Materias: | |
| Etiquetas: |
Agregar Etiqueta
Sin Etiquetas, Sea el primero en etiquetar este registro!
|
| Añadido a: | 1999-11-22 |
| Cambiado en: | 2025-05-07 |
MARC
| LEADER | 00000nam a2200000 a 4500 | ||
|---|---|---|---|
| 001 | .b2334111 | ||
| 003 | ES-BaCBU | ||
| 005 | 20250507130123.0 | ||
| 008 | 991123s1999 spca || 000 ||spa|c | ||
| 017 | |a DL B. 17845-1999 | ||
| 020 | |a 8474239435 | ||
| 035 | |a 8474239435 |9 ES-BaUB001 |a 0591-84960 |9 ES-BaUB035 | ||
| 040 | |a ES-BaCBU |b cat |c ES-BaCBU |d ES-BaUB | ||
| 245 | 0 | 0 | |a Enseñar historia con una guerra civil por medio / |c introducción de Josep Fontana |
| 260 | |a Barcelona : |b Crítica, |c 1999 | ||
| 300 | |a 153 p.: |b il. | ||
| 500 | |a Facsímil de la 1a obra, Paléncia : Imp. y Lib. Afrodisio Aguado, 1933 | ||
| 504 | |a Referències bibliogràfiques | ||
| 505 | 8 | |a Conté: Mi primer libro de historia / Daniel G. Linacero ; Manual de historia de España: primer grado / Instituto de España | |
| 546 | |a España | ||
| 561 | |5 es-CRAI |3 p2 E/1.38 ENS |a España. Biblioteca Universitat de Barcelona |k MANES | ||
| 648 | 7 | |a 1933-1939 |2 thub |9 31937 | |
| 690 | 0 | |a HI | |
| 691 | 0 | |a PRI | |
| 700 | 1 | |a Linacero, Daniel G. |t Mi primer libro de historia |9 31938 |a Fontana, Josep, |d 1931-2018 |9 31939 | |
| 710 | 2 | |a Instituto de España. |t Manual de historia de España |9 31940 | |
| 856 | |y Registro en Cercabib - CRAI | ||
| 942 | |2 ddc |c BK | ||
| 999 | |c 89243 |d 89243 | ||
| 999 | |c manes:89243 |d 89243 | ||